playground - bea miller - Statistics

General Stats
  • This quiz has been taken 2 times
  • The average score is 135 of 140
Answer Stats
Answer % Correct
a
100%
an
100%
and
100%
around
100%
be?
100%
brings
100%
come
100%
do
100%
dream
100%
everybody
100%
face
100%
fantasies
100%
follow
100%
for
100%
found
100%
got
100%
here?
100%
here
100%
if
100%
ill
100%
into
100%
it
100%
ive
100%
lost
100%
make
100%
me
100%
night
100%
nightmares
100%
offer
100%
oh
100%
peek
100%
play
100%
playground
100%
price
100%
pull
100%
round
100%
seat?
100%
seek?
100%
seen
100%
sink
100%
stay
100%
table
100%
tell
100%
the
100%
to
100%
told
100%
under
100%
underneath
100%
up
100%
wanted
100%
was
100%
wasteland
100%
welcome
100%
what
100%
who
100%
will
100%
wont
100%
you
100%
your
100%
along
50%
dear?
50%
down
50%
sell
50%
woah
50%
alone
0%
No matching quizzes found
Score Distribution
Percent of People with Each Score
Percentile by Number Answered
Your Score History
You have not taken this quiz